[Event "Astana Zhuldyzdary op-A"]
[Site "Astana"]
[Date "2023.07.12"]
[Round "2"]
[White "Moldagali, Beksultan"]
[Black "Agmanov, Zhandos"]
[Result "0-1"]
[WhiteElo "2050"]
[BlackElo "2430"]
[PlyCount "74"]
[EventDate "2023.07.11"]
[EventType "swiss"]
[EventRounds "10"]
[EventCountry "KAZ"]
[SourceTitle "CBM 215 Extra"]
[Source "ChessBase"]
[SourceDate "2023.09.30"]
[SourceVersion "1"]
[SourceVersionDate "2023.09.30"]
[SourceQuality "1"]

1. e4 e6 2. d4 d5 3. Nd2 c5 4. exd5 Qxd5 5. Ngf3 cxd4 6. Bc4 Qd7 7. 0-0 Nc6 8. Nb3 a6 9. a4 Nf6 10. Nbxd4 Nxd4 11. Nxd4 Qc7 12. Bb3 Bd6 13. h3 Bd7 14. Qf3 0-0-0 15. Be3 Kb8 16. Qe2 h6 17. Rfd1 g5 18. Qc4 g4 19. Qxc7+ Bxc7 20. h4 Ne4 21. c3 e5 22. Ne2 f5 23. Bc2 Bc6 24. Ng3 Nxg3 25. fxg3 f4 26. gxf4 exf4 27. Rxd8+ Rxd8 28. Bd4 Re8 29. Kf1 Bxg2+ 30. Kxg2 Re2+ 31. Kf1 Rxc2 32. Re1 Kc8 33. h5 f3 34. Re8+ Kd7 35. Rg8 g3 36. Rg7+ Ke6 37. Rg4 Rc1# 0-1

[Event "Aktobe Dvorkovich op"]
[Site "Aktobe"]
[Date "2023.06.27"]
[Round "9"]
[White "Kovalev, Vladislav"]
[Black "Agmanov, Zhandos"]
[Result "1/2-1/2"]
[WhiteElo "2620"]
[BlackElo "2446"]
[PlyCount "128"]
[EventDate "2023.06.20"]
[EventType "swiss"]
[EventRounds "9"]
[EventCountry "KAZ"]
[SourceTitle "EXT 2024"]
[Source "ChessBase"]
[SourceDate "2023.10.10"]
[SourceVersion "1"]
[SourceVersionDate "2023.10.10"]
[SourceQuality "1"]

1. e4 e6 2. d4 d5 3. e5 c5 4. c3 Nc6 5. Nf3 Bd7 6. Be2 Nge7 7. Na3 cxd4 8. cxd4 Nf5 9. Nc2 Be7 10. g3 Rc8 11. h4 a6 12. h5 Qc7 13. Bd3 Qb6 14. Kf1 a5 15. Be2 Qc7 16. Bf4 Qb6 17. Rb1 f6 18. Bd3 fxe5 19. dxe5 0-0 20. Kg2 Rf7 21. b3 Rcf8 22. a3 Nh6 23. Qd2 Ng4 24. Rhf1 Qc7 25. Rbe1 Qb6 26. Kh3 Nh6 27. Rb1 Be8 28. Rg1 Nf5 29. b4 axb4 30. axb4 Kh8 31. Kg2 Nh4+ 32. Nxh4 Bxh4 33. Qe3 Qxe3 34. fxe3 Be7 35. b5 Nd8 36. Nd4 Bc5 37. Rgc1 Bb6 38. Rc8 Bd7 39. Rb8 Bc7 40. Ra8 Bb6 41. Rc1 Re8 42. Nf3 Rff8 43. h6 Nf7 44. hxg7+ Kxg7 45. Raa1 h6 46. Rh1 Ra8 47. g4 Rxa1 48. Rxa1 Rc8 49. g5 hxg5 50. Nxg5 Rc3 51. Rd1 Rb3 52. Kf3 Nxg5+ 53. Bxg5 Bxb5 54. Bxb5 Rxb5 55. Bf6+ Kf7 56. Rh1 Bc5 57. Rh7+ Ke8 58. Bg5 Rb3 59. Ke2 Rb4 60. Rh6 Re4 61. Bf4 Kd7 62. Rh7+ Kc6 63. Rh6 Bxe3 64. Bxe3 d4 1/2-1/2